| 000 | 01936cam a22004454i 4500 | ||
|---|---|---|---|
| 003 | PE-LiUPU | ||
| 005 | 20250731183407.0 | ||
| 008 | 171123s2015 sp a rb 000 0 spa d | ||
| 020 |
_a9788494347566 _q(Tomo 1) |
||
| 035 | _a(Sirsi) a240184 | ||
| 040 |
_aPE-LiUPU _bspa _cPE-LiUPU _erda |
||
| 049 | _aPRUA | ||
| 082 | 0 | 4 |
_a728.0946763 _bM57 _220 |
| 100 | 1 |
_aMileto, Camilla, _eautor. |
|
| 245 | 1 | 0 |
_aCentro histórico de Valencia : _bocho siglos de arquitectura residencial / _cCamilla Mileto, Fernando Vegas. |
| 264 | 1 |
_aValencia : _bUniversidad Politécnica de Cataluña, _c2015. |
|
| 300 |
_a1 volúmen : _bilustraciones ; _c25 centímetros |
||
| 336 |
_atext _2rdacontent |
||
| 337 |
_aunmediated _2rdamedia |
||
| 338 |
_avolume _2rdacarrier |
||
| 504 | _aBibliografía : páginas 395-405. | ||
| 505 | 0 | _aIntroduccón -- Tras las huellas de la historia de la ciudad -- La ciudad se construye sobre sí misma -- Las tendencias de transformación del rostro urbano de la ciudad entre la segunda mitad del siglo xviii y principios el siglo xx -- Paseos arquitectónicos -- Sintaxis y vocabulario arquitectónico del edificio. | |
| 526 | _aP158 | ||
| 526 | _aP146 | ||
| 526 | _aP17 | ||
| 526 | _aP12 | ||
| 526 | _aP06 | ||
| 526 | 8 |
_iPrograma académico : _5PE-LiUPU |
|
| 541 | _g003-001759; | ||
| 650 | 0 | 4 |
_aArquitectura. _94555 |
| 650 | 0 | 7 |
_aArquitectura _xValencia _xHistoria |
| 650 | 0 | 4 | _aArchitecture. |
| 650 | 0 | 7 |
_aArchitecture _xValencia _xHistory |
| 700 | 1 |
_aVegas, Fernando, _eautor. |
|
| 910 |
_adbm _bncf _cncf _d20171123 |
||
| 942 |
_2ddc _cBOOK |
||
| 994 |
_aC0 _bPEPRU |
||
| 596 | _a1 | ||
| 999 |
_a728.0946763 M57 _wDEWEY _c25845 _i77257 _d25845 _e2018-8-27 _f2021-11-30 _g4 _lCCODEBUL1 _mBUL _n2 _p67.53 _q1 _r0 _sY _tBOOK _u2017-11-23 _xINGENIERIA _PP06 _0COMPRA _o.STAFF. Colección Ingeniería y Arquitectura |
||
| 980 |
_81 _gALBERTO SANCHEZ Responsable de Automatización |
||